| 000 | 00626nam a2200157Ia 4500 | ||
|---|---|---|---|
| 008 | 220216s9999 xx 000 0 und d | ||
| 100 |
_aZhou Quan-Nan _cet al |
||
| 245 | 0 | _aPlant regeneration via somatic embryogenesis from root explants of Hevea brasiliensis | |
| 260 | _bClimate Change, Low Carbon Economy and Sustainable Natural Rubber Industry: Preprints of Proceedings of IRRDB International Rubber Conference 2010, 18-19 October 2010 Sanya, Hainan, China, pp. 443. | ||
| 650 | _aCallus | ||
| 650 | _aRegeneration | ||
| 650 | _aRoot explants | ||
| 650 | _aSomatic embryogenesis | ||
| 856 | _uAbst only | ||
| 942 | _cJS | ||
| 999 |
_c65103 _d65103 |
||